Sorption properties of radiation-cross-linked polymer hydrogels containing ion-exchange fibers; IOP Conference Series: Materials Science and Engineering; Vol. 110 : Radiation-Thermal Effects and Processes in Inorganic Materials (RTEP2015)

Podrobná bibliografie
Parent link:IOP Conference Series: Materials Science and Engineering
Vol. 110 : Radiation-Thermal Effects and Processes in Inorganic Materials (RTEP2015).— 2016.— [012073, 4 p.]
Korporativní autor: Национальный исследовательский Томский политехнический университет (ТПУ) Институт неразрушающего контроля (ИНК) Кафедра экологии и безопасности жизнедеятельности (ЭБЖ)
Další autoři: Rezvova M. A., Zhevnyk V. D., Pak V., Borodin Yu. V. Yuri Viktorovich, Kachina E. V.
Shrnutí:Title screen
Polymer hydrogel modification for soft contact lenses by ion-exchange fibers was studied in this work. The obtained results showed that the ion-exchange fiber modifiers have a number of advantages as compared with ion-exchange resin modifiers.
Режим доступа: по договору с организацией-держателем ресурса
Jazyk:angličtina
Vydáno: 2016
Témata:
On-line přístup:http://dx.doi.org/10.1088/1757-899X/110/1/012073
http://earchive.tpu.ru/handle/11683/18085
Médium: MixedMaterials Elektronický zdroj Kapitola
KOHA link:https://koha.lib.tpu.ru/cgi-bin/koha/opac-detail.pl?biblionumber=647043

MARC

LEADER 00000nla2a2200000 4500
001 647043
005 20240123132918.0
035 |a (RuTPU)RU\TPU\network\12180 
035 |a RU\TPU\network\12179 
090 |a 647043 
100 |a 20160324a2016 k y0engy50 ba 
101 0 |a eng 
105 |a y z 100zy 
135 |a drgn ---uucaa 
181 0 |a i  
182 0 |a b 
200 1 |a Sorption properties of radiation-cross-linked polymer hydrogels containing ion-exchange fibers  |f M. A. Rezvova [et al.] 
203 |a Text  |c electronic 
300 |a Title screen 
320 |a [References: 8 tit.] 
330 |a Polymer hydrogel modification for soft contact lenses by ion-exchange fibers was studied in this work. The obtained results showed that the ion-exchange fiber modifiers have a number of advantages as compared with ion-exchange resin modifiers. 
333 |a Режим доступа: по договору с организацией-держателем ресурса 
461 0 |0 (RuTPU)RU\TPU\network\2008  |t IOP Conference Series: Materials Science and Engineering 
463 0 |0 (RuTPU)RU\TPU\network\11965  |t Vol. 110 : Radiation-Thermal Effects and Processes in Inorganic Materials (RTEP2015)  |o International Scientific Conference, 31 August to 10 September 2015, Tomsk, Russia  |o [proceedings]  |v [012073, 4 p.]  |d 2016 
610 1 |a электронный ресурс 
610 1 |a труды учёных ТПУ 
610 1 |a сорбционные свойства 
610 1 |a полимеры 
610 1 |a гидрогели 
610 1 |a линзы 
610 1 |a ионнообменные смолы 
701 1 |a Rezvova  |b M. A. 
701 1 |a Zhevnyk  |b V. D. 
701 1 |a Pak  |b V. 
701 1 |a Borodin  |b Yu. V.  |c Chemical engineer  |c Associate Professor of Tomsk Polytechnic University, Candidate of technical sciences  |f 1958-  |g Yuri Viktorovich  |3 (RuTPU)RU\TPU\pers\32038  |9 16085 
701 1 |a Kachina  |b E. V. 
712 0 2 |a Национальный исследовательский Томский политехнический университет (ТПУ)  |b Институт неразрушающего контроля (ИНК)  |b Кафедра экологии и безопасности жизнедеятельности (ЭБЖ)  |3 (RuTPU)RU\TPU\col\18720 
801 2 |a RU  |b 63413507  |c 20161121  |g RCR 
856 4 |u http://dx.doi.org/10.1088/1757-899X/110/1/012073 
856 4 0 |u http://earchive.tpu.ru/handle/11683/18085 
942 |c CF